000 00959nam a22002417a 4500
999 _c12912
_d12912
003 AR-CdUCM
008 190410b ||||| |||| 00| 0 spa d
040 _aMUNICIPALIDAD PROVINCIAL DEL CUSCO
_cBIBLIOTECA MUNICIPAL DEL CUSCO
082 _a985.04 /
_bA17
100 _aTemple, Ella Dunbar
_927233
245 _aLa acción patriótica del pueblo en la emancipación :
_bGuerrillas y montoneras /
260 _aLima :
_bComisión Nacional del Sesquicentenario de la Independencia del Perú,
_c1971.
300 _a1 volumen ;
_c23 cm.
440 _aColección documental de la Independencia del Perú
_931039
505 _aContenido La acción patriótica del pueblo en la emancipación /
650 _aGuerrillas
_93891
650 _aPerú
_935
650 _aHistoria
_9136
650 _aEmancipación
_9260
700 _aComisión Nacional del Sesquicentenario de la Independencia del Perú
_921840
942 _2ddc
_cLIBROS
945 _arjall
_d2019-04-10